000 00990nam a2200229 a 4500
001 000048487
005 20250220104609.0
008 190325s2014 dr r 000 spa d
020 _a9993490962
040 _aDO-SdBNP
_bspa
_cBNPHU
082 _aR -348.7293028
_bR426i
110 1 _aRepública Dominicana.
_bMinisterio de Defensa.
_975436
245 0 _aÍndice de la legislación militar dominicana, 1844-2013. /
_cCompilado y actualizado por Ana Marina Méndez Gómez, Miledys Marmolejos de Carvajal y Ana Nilda Pichardo de los Santos.
250 _a2 da. ed., corregida y aumentada
260 _aSanto Domingo :
_bMinisterio de Defensa,
_c2014.
300 _a434 p. ;
_c28 cm.
590 _aInventariado, 2019 / DG
650 4 _aDerecho
_zRepública Dominicana
_vÍNDICES
_953754
700 _aMéndez Gómez, Ana Marina
_ecompilador
_975912
700 _aMarmolejos de Carvajal, Miledys
_ecompilador
_975913
740 0 _aLey orgánica de las Fuerzas Armadas de la República Dominicana.
999 _c47975
_d47975